Normal view
MARC view
Entry Personal Name
001 - CONTROL NUMBER
- control field: 1051
003 - CONTROL NUMBER IDENTIFIER
- control field: PK-NaQUE
005 - DATE AND TIME OF LATEST TRANSACTION
- control field: 20260629144309.0
008 - FIXED-LENGTH DATA ELEMENTS
- fixed length control field: 260629|| aca||aabn | a|a d
040 ## - CATALOGING SOURCE
- Original cataloging agency: PK-NaQUE
- Transcribing agency: PK-NaQUE
100 ## - HEADING--PERSONAL NAME
- Personal name: Abdul Samad Dahri
- Personal name: 21-MSM-01
- Personal name: Supervisor - Dr. Muhammad Afzal Soomro
670 ## - SOURCE DATA FOUND
- Source citation: Work cat.: (PK-NaQUE)69104: Abdul Samad Dahri 21-MSM-01 Supervisor - Dr. Muhammad Afzal Soomro , Substitution Box Generated by Point of Order Two on Elliptic Curve Over if28, 2025